000 00268nam a22001097a 4500
008 230620b xxu||||| |||| 00| 0 eng d
082 _a321.89
_bCPA 2005
245 _aAustralia's Original Democracy
_bNew South Wales
260 _c2005
300 _a52p
942 _2ddc
_cBK
999 _c1757
_d1757